Famous Fivesomes Quiz Stats

 Plays Quiz Updated Nov 17, 2017

Score 0/100 Timer 12:00
13 Plays Today
Member % Correct
Red
94.3%
Blue
93.5%
Pacific Ocean
93.1%
Yellow
93%
Atlantic Ocean
92.9%
Green
92.9%
Touch
91.7%
Smell
90.8%
Michael Jackson
90.7%
Sight
89.8%
Indian Ocean
89.6%
Taste
89.2%
Hearing
88.6%
Black
87%
Navy
85.1%
Army
83.5%
Michigan
81.4%
Victoria 'Posh' Beckham
81%
Air Force
81%
Erie
80.2%
Arctic Ocean
77.2%
Marine Corps
77.2%
Melanie 'Sporty' Chisholm
74.1%
Superior
73.9%
Emma 'Baby' Bunton
73.4%
Orange
73.3%
Melanie 'Scary' Brown
72.5%
Denial
72.1%
Ontario
70.1%
Acceptance
69.9%
Center
68.6%
Huron
67.9%
Point Guard
67.1%
Frank Sinatra
66.8%
Member % Correct
Geri 'Ginger' Halliwell
65.6%
Anger
64.3%
Norville 'Shaggy' Rogers
64.1%
Scooby-Doo
63.1%
Coast Guard
62.4%
Tito Jackson
59.1%
Velma Dinkley
56.4%
Fred Jones
55.7%
Southern Ocean
54.6%
Daphne Blake
52.1%
Dean Martin
51.6%
Sammy Davis Jr.
49.8%
Jermaine Jackson
48.5%
Power Forward
47.3%
Shooting Guard
46.6%
Lemon
45.5%
Genesis
44.9%
Stadion (Foot Race)
44.8%
Lime
42.6%
Javelin Throw
42.3%
Exodus
41.3%
Depression
41.1%
Small Forward
40.6%
Discus Throw
39.4%
Iron Man
39.1%
Hulk
38.6%
Leviticus
36.8%
Numbers
36.4%
Long Jump
36.3%
Deuteronomy
35%
Bargaining
34.9%
Bobby Flay
33.8%
Donnie Wahlberg
33.4%
Grapefruit
33%
Member % Correct
Thor
31.3%
Tomorrowland
30.9%
Joey McIntyre
29.6%
Kimberly Hart
28.2%
Jason Lee Scott
25.7%
Fantasyland
24.8%
Frontierland
24.7%
Adventureland
23.9%
Jordan Knight
23.2%
Billy Cranston
22.4%
Cat Cora
22.2%
Mario Batali
19.8%
Tangerine
19.7%
Marlon Jackson
19.6%
Zack Taylor
19%
Joey Bishop
18.8%
Jackie Jackson
18.5%
Masaharu Morimoto
18.4%
Peter Lawford
18%
Danny Wood
17.8%
Wrestling
16.6%
Trini Kwan
16.4%
Ant-Man
15.7%
Jonathan Knight
15.2%
Dave Foley
14.1%
Main Street, U.S.A.
14%
Wasp
13.1%
Michael Symon
12%
Scott Thompson
10.6%
Kevin McDonald
10.5%
Mark McKinney
9.9%
Bruce McCulloch
8.9%

You're not logged in!

Compare scores with friends on all Sporcle quizzes.
OR
Log In

Sporcle TV

Today on Sporcle TV


Watch our educational content, quiz creation guides, and fun videos on Sporcle TV.

Show Comments

Extras

Top Quizzes Today


Score Distribution

Your Account Isn't Verified!

In order to create a playlist on Sporcle, you need to verify the email address you used during registration. Go to your Sporcle Settings to finish the process.

Report this User

Report this user for behavior that violates our Community Guidelines.

Details: